| 000 | 00675nmm a2200265 a 4500 | ||
|---|---|---|---|
| 003 | AR-BaBNM | ||
| 005 | 20251128204513.0 | ||
| 008 | 305019s1993 ||||||||||||||000 | spa|| | ||
| 020 | _a950-520-116-8 | ||
| 040 | _cAR-BaBNM | ||
| 100 | 1 | _aBorda, Guillermo A. | |
| 245 | 1 | 0 |
_aTratado de derecho civil _bfamilia. 2 |
| 250 | _a9ª ed. aum. y corr. | ||
| 260 |
_aBuenos Aires _bPerrot _c1993 |
||
| 300 | 0 | _a427 p. | |
| 500 | 0 | _aContiene índice sistemático | |
| 650 | 4 | _aDERECHO CIVIL | |
| 650 | 4 | _aDERECHO DE FAMILIA | |
| 650 | 4 | _aADOPCION | |
| 650 | 4 | _aTUTELA DE MENORES | |
| 650 | 4 | _aDERECHOS DEL NINO | |
| 653 | 0 | _aFILIACION | |
| 942 | _cBK | ||
| 998 | _cCarmen | ||
| 999 |
_c7683 _d7683 |
||